Sociální podnik v podmínkách České repunliky

Teoretické vymedzenie sociálnej ekonomiky a sociálneho podniku. Komparácia sociálnych podnikov.

Uložené v:
Podrobná bibliografia
Hlavný autor: Beck, Vojtěch
Médium: Kapitola
Jazyk:Czech
Predmet:
Tagy: Pridať tag
Žiadne tagy, Buďte prvý, kto otaguje tento záznam!

MARC

LEADER 00000naa a2200000 4500
001 0197199
005 20220729111329.8
041 0 |a cze 
044 |a SK 
245 1 0 |a Sociální podnik v podmínkách České repunliky  |c Vojtěch Beck 
520 |a Teoretické vymedzenie sociálnej ekonomiky a sociálneho podniku. Komparácia sociálnych podnikov. 
610 2 0 |a podnik sociálny 
610 2 0 |a ekonomika sociálna 
610 2 0 |a Česko 
610 2 0 |a analýza komparatívna 
100 1 |a Beck, Vojtěch